Artistas y artífices levantinos / (Record no. 22650)

MARC details
000 -LEADER
campo de control de longitud fija 00616nam a2200193 i 4500
001 - NÚMERO DE CONTROL
campo de control C00023140c
005 - FECHA Y HORA DE LA ÚLTIMA TRANSACCIÓN
campo de control 20241029144028.0
008 - DATOS DE LONGITUD FIJA--INFORMACIÓN GENERAL
campo de control de longitud fija 961127s1931 sp 001 0 spa d
080 ## - NÚMERO DE LA CLASIFICACIÓN DECIMAL UNIVERSAL
Número de la Clasificación Decimal Universal 929:7.071(460.31)
100 1# - ENTRADA PRINCIPAL--NOMBRE DE PERSONA
Nombre de persona Espín Rael, Joaquín.
9 (RLIN) 15807
245 10 - MENCIÓN DEL TÍTULO
Título Artistas y artífices levantinos /
Mención de responsabilidad, etc. libro compuesto por Joaquín Espín Rael.
260 ## - PUBLICACIÓN, DISTRIBUCIÓN, ETC.
Lugar de publicación, distribución, etc. [Lorca] :
Nombre del editor, distribuidor, etc. La Tarde de Lorca,
Fecha de publicación, distribución, etc. imp. 1931.
300 ## - DESCRIPCIÓN FÍSICA
Extensión 445 p. ;
Dimensiones 22 cm.
500 ## - NOTA GENERAL
Nota general Legado Lafuente Ferrari.
650 14 - PUNTO DE ACCESO ADICIONAL DE MATERIA--TÉRMINO DE MATERIA
Término de materia o nombre geográfico como elemento de entrada Artistas Españoles-
Subdivisión geográfica España-
-- Levante-
Subdivisión de forma Biografías.
9 (RLIN) 86767
852 42 - LOCALIZACIÓN
Número de control de estantería LF-3814
Holdings
Estatus retirado Estado de pérdida Estado de daño No para préstamo Colección Biblioteca de origen Biblioteca actual Ubicación en estantería Fecha de adquisición Fuente de adquisición Total de préstamos Signatura topográfica completa Código de barras Visto por última vez Precio de reemplazo Tipo de ítem Koha
          Real Academia de la Bellas Artes de San Fernando Real Academia de la Bellas Artes de San Fernando Biblioteca Lafuente Ferrari 27/11/1996 D   LF-3814 1024624 15/10/2024 15/10/2024 Fondo moderno

Powered by Koha